Español de cine: lo que hay que ver

Shranjeno v:
Bibliografske podrobnosti
Glavni avtor: Salvador, Antxon (Author)
Format: Knjiga
Jezik:španščina
Izdano: Barcelona Blume 2009
Izdaja:1a. ed
Teme:
Oznake: Označite
Brez oznak, prvi označite!

MARC

LEADER 00000cam a2200000 a 4500
001 UCE7581
003 CL-VaPUC
008 150626e20090000sp |||||||||||||||||spa|d
020 |a 9788498013726 
082 0 4 |a 791.4309  |b SAL  |2 21 
100 0 |a Salvador, Antxon  |e author  |9 580251 
245 1 0 |a Español de cine: lo que hay que ver 
250 |a 1a. ed 
300 |a 271 p 
942 |c BK 
945 |d 20150626 15:30:00  |a gsalatino 
260 |a Barcelona  |b Blume  |c 2009 
650 7 |a CINE ESPAÑOL  |2 CL-VaPUC  |9 449630 
651 0 |a España  |9 254926 
583 |a last modification  |c 20150626 15:30:00  |k Rodrigo Vera 
999 |c 359636  |d 359634 
952 |0 0  |1 0  |3 erd  |4 0  |6 791_430900000000000_SAL_2009  |7 0  |8 A  |9 469028  |a FDOSRS  |b FDOSRS  |i 5164869  |o 791.4309 SAL 2009  |p 5164869  |r 2025-03-13  |w 2019-11-23  |y BK  |z Catalogado en:20150626  |k SRS